000 00363nam a2200133Ia 4500
008 240624s9999 xx 000 0 und d
041 _aeng
082 _a158.1 CAN
100 _aCANTERUCCI JIM
245 _aPERSONAL BRILLIANCE MASTERING THE EVERYD
260 _c2007
_aNew Delhi
_bPrentice-Hall of India
300 _axiii, , 210 , 25 : p. : cm.
365 _cRS
_b36
999 _c7279
_d7279